| 000 | 00729nam a22002297a 4500 | ||
|---|---|---|---|
| 005 | 20170124105956.0 | ||
| 010 | _aA-260788 | ||
| 020 | _c00.00 | ||
| 035 | _aA-260788 | ||
| 037 | _bCen Lib/Ret | ||
| 040 |
_aDPL _bEN |
||
| 082 |
_a331 _bMOH |
||
| 100 |
_aOhammad Saeed Khan _914749 |
||
| 245 |
_aLaw of retrenchment in India / _cby Ohammad Saeed Khan |
||
| 260 |
_aNew Delhi _bDeep & Deep Publications _c1982 |
||
| 270 |
_aD-1/24,Rajouri Grden _bNew Delhi _e110027 |
||
| 300 |
_a130p. _c21cm(Hb) |
||
| 500 | _aIncludes bibliographical reference and index | ||
| 650 |
_aLaw and legislation _zIndia _914750 |
||
| 650 |
_aEmployees--Dismissal of--Law and legislation _914751 |
||
| 942 |
_2ddc _cEN _h331 _mMOH |
||
| 999 |
_c125553 _d125553 |
||